Words Containing -EW- - Statistics

General Stats
  • This quiz has been taken 31 times
  • The average score is 15 of 20
Answer Stats
Hint Answer % Correct
Drops of water that form on cool surfaces at night Dew
96%
Not a lot Few
96%
My sister's son Nephew
96%
Not old New
96%
Famous astronomer Sir Isaac... or a fig... Newton
93%
Seating in a church Pew
89%
A type of nut Cashew
85%
A law that requires people to be indoors after a certain time at night Curfew
85%
Female sheep Ewe
85%
The Taming of the... Shrew
85%
Mixing coffee or tea with hot water Brew
81%
A group of people who work closely together Crew
81%
A thick soup Stew
81%
Done to make food easier to swallow Chew
78%
A person who practices Shabbat Jew
78%
A nail with a spiral thread Screw
70%
Also known as a salamander Newt
59%
A precious stone Jewel
48%
Tough fibrous tissue connecting muscle to bone Sinew
44%
Fungi Mildew
15%
No matching quizzes found
Score Distribution
Percent of People with Each Score
Percentile by Number Answered
Your Score History
You have not taken this quiz